| 000 | 01501nam a2200409 i 4500 | ||
|---|---|---|---|
| 001 | 54849 | ||
| 003 | KOSZ 005 | ||
| 005 | 20200108124054.0 | ||
| 008 | 070223s2006 pl a f f |000 0 pol | ||
| 015 | _aPB 2007/6198 | ||
| 020 | _a8373353437 | ||
| 020 | _a9788373353435 | ||
| 040 |
_aWA N _cWA N _dKOSZ 005/HR |
||
| 046 | _k2006 | ||
| 080 | _a005.51 | ||
| 080 | _a(075.8) | ||
| 100 | 1 |
_aBendkowski, Józef _d(1933- ) _eAutor |
|
| 245 | 1 | 0 |
_aLogistyka stosowana : _bmetody, techniki, analizy. _nCz. 1 / _cJózef Bendkowski, Marzena Kramarz. |
| 260 |
_aGliwice : _bWydawnictwo Politechniki Śląskiej, _c2006. |
||
| 300 |
_a267, [1] s. : _bil. ; _c24 cm. |
||
| 336 |
_2rdacontent _aTekst _btxt |
||
| 337 |
_2rdamedia _aBez urządzenia pośredniczącego _bn |
||
| 338 |
_2rdacarrier _aWolumin _bnc |
||
| 380 | _aKsiążki | ||
| 380 | _aPublikacje dydaktyczne | ||
| 385 |
_mPoziom nauczania _aSzkoły wyższe |
||
| 388 | _a2001- | ||
| 504 | _aBibliogr. przy niektórych rozdz. | ||
| 521 | 8 | _aDla studentów uczelni technicznych, kierunków: zarządzanie i marketing oraz zarządzanie i inżynieria produkcji. | |
| 650 | 4 | _aLogistyka gospodarcza | |
| 655 | 4 | _aPodręczniki akademickie | |
| 658 | _aTransport i logistyka | ||
| 700 | 1 |
_aKramarz, Marzena _eAutor |
|
| 710 | 2 |
_aWydawnictwo Politechniki Śląskiej _4pbl. |
|
| 856 |
_uhttp://koha.tu.koszalin.pl/cgi-bin/koha/opac-detail.pl?biblionumber=54849 _yKatalog online BPK |
||
| 942 |
_2UKD _cKS |
||
| 999 |
_c54849 _d54849 |
||